| 000 | 00293nam a22001097a 4500 | ||
|---|---|---|---|
| 082 |
_a355.310954 _bTWE |
||
| 100 |
_aGovt of India _942378 |
||
| 245 |
_a32nd Sikh pioneers regimental history _cGovt of India |
||
| 526 |
_a0 _b0 _c0 _d355_310954000000000_TWE |
||
| 650 |
_xMCE _9379 |
||
| 942 |
_2ddc _cBK |
||
| 999 |
_c553445 _d553445 |
||